Popularne albumy rap/trap tygodnia 06-12.08.21 - Statystyki

Ogólne statystyki
  • Ten quiz został rozwiązany 7 razy
  • Średni wynik to 10 z 15
Statystyki odpowiedzi
Wykonawca Data Wydania Album % Poprawnych
Oki, Young Igi, Otsochodzi 7 maja 2021 OIO
100%
Mata 17 stycznia 2020 100 dni do matury
86%
Białas & White 2115 7 maja 2021 Diamentowy Las
86%
Chivas 21 maja 2021 Nauczyłem Się Przeklinać
86%
Sobel 16 kwietnia 2021 Pułapka Na Motyle
86%
Bedoes & Lanek 29 listopada 2019 Opowieści Z Doliny Smoków
71%
White 2115 31 sierpnia 2018 Rockstar
71%
Ekipa 26 czerwca 2021 Sezon 3
71%
Guzior 4 grudnia 2020 PLEŚŃ
57%
Kizo 23 października 2020 Posejdon
57%
Bedoes & Lanek 15 stycznia 2021 Rewolucja Romantyczna
57%
White 2115 28 sierpnia 2020 Rockstar: Do Zachodu Słońca
57%
Quebonafide 2 kwietnia 2020 Romantic Psycho
43%
Zdechły Osa 28 maja 2021 Sprzedałem dupe
43%
Żabson 1 lutego 2021 Ziomalski Mixtape
43%
Nie znaleziono quizów pasujących do podanych kryteriów
Rozkład punktacji
Procent ludzi z każdym wynikiem
Percentyl według liczby udzielonych odpowiedzi
Twoja historia wyników
Nie rozwiązałeś tego quizu